| 000 | 00614nam a2200193Ia 4500 | ||
|---|---|---|---|
| 005 | 20250508160335.0 | ||
| 008 | 008 250505s9999 xx 000 0 eng d | ||
| 037 | _aBooks to be hide in OPAC | ||
| 040 |
_aFEDL _beng _cFEDL |
||
| 041 |
_aeng _2eng |
||
| 084 |
_a001.4, IND _qFEDL |
||
| 245 | 0 | _aDirectory of social science research institutions in India 1971. Vol 1 | |
| 260 |
_aNew Delhi, India _bIndian Council of Social Science Research _c1971 |
||
| 300 | _a200p. | ||
| 490 | _aResearch Information Series No. 4 | ||
| 650 | _aResearch | ||
| 942 |
_cHB _h001.4, IND |
||
| 999 |
_c1363856 _d1363856 |
||